[Event "2006 Battle of Alberta"]
[Site "Red Deer"]
[Date "2006.07.08"]
[Round "2.6"]
[White "Kazmaier, Daniel"]
[Black "Balbutin, Nelson"]
[Result "1-0"]
[WhiteElo "2160"]
[BlackElo "2184"]
[PlyCount "73"]
[EventDate "2006.07.08"]
[EventType "team-match"]
[EventRounds "2"]
[EventCountry "CAN"]
[WhiteTeam "South"]
[BlackTeam "North"]
[WhiteTeamCountry "CAN"]
[BlackTeamCountry "CAN"]

1. e4 c5 2. Nf3 Nc6 3. c3 e5 4. d4 cxd4 5. cxd4 Bb4+ 6. Bd2 Bxd2+ 7. Qxd2 exd4
8. Nxd4 Nge7 9. Nb5 O-O 10. N1c3 d5 11. exd5 Nb4 12. Rd1 Bg4 13. f3 Bf5 14. Be2
Nc2+ 15. Kf1 Qb6 16. Nd4 Nxd4 17. Qxd4 Qxb2 18. g4 Bg6 19. Rd2 Qa3 20. Kg2 a6
21. h4 h5 22. Ne4 Rac8 23. d6 Rfd8 24. Rhd1 hxg4 25. fxg4 Bxe4+ 26. Qxe4 Ng6
27. h5 Nf8 28. Bc4 Rxc4 29. Qxc4 Ne6 30. d7 Qe3 31. Rf2 Ng5 32. Rd3 Qe7 33. Qd5
b5 34. Rdd2 Qe4+ 35. Qxe4 Nxe4 36. Rfe2 Nf6 37. g5 1-0

[Event "2006 Battle of Alberta"]
[Site "Red Deer"]
[Date "2006.07.08"]
[Round "2.7"]
[White "Grumic, Sasa"]
[Black "Boik, Andrew"]
[Result "1-0"]
[WhiteElo "2097"]
[BlackElo "2099"]
[PlyCount "74"]
[EventDate "2006.07.08"]
[EventType "team-match"]
[EventRounds "2"]
[EventCountry "CAN"]
[WhiteTeam "North"]
[BlackTeam "South"]
[WhiteTeamCountry "CAN"]
[BlackTeamCountry "CAN"]

1. e4 c5 2. Nf3 d6 3. Bc4 Nf6 4. Qe2 e6 5. O-O Be7 6. c3 a6 7. d4 cxd4 8. cxd4
b5 9. Bd3 Bb7 10. e5 dxe5 11. dxe5 Nfd7 12. Rd1 O-O 13. Nc3 Qc7 14. Bf4 Nc5 15.
Bc2 Nc6 16. Rac1 Rfd8 17. h4 Rxd1+ 18. Nxd1 Qd7 19. Be3 Rd8 20. Nc3 Nb4 21. Bb1
Bxf3 22. Qxf3 Ncd3 23. Qe4 g6 24. Rd1 Nxb2 25. Rxd7 Rxd7 26. h5 Nc4 27. Qa8+
Rd8 28. Qb7 Bf8 29. Qc7 Ra8 30. Bc5 Bg7 31. Bxb4 Bxe5 32. Qd7 a5 33. Be4 Rb8
34. Nxb5 axb4 35. g3 Bf6 36. Qc7 Rxb5 37. h6 Bg7 1-0

[Event "2006 Battle of Alberta"]
[Site "Red Deer"]
[Date "2006.07.08"]
[Round "2.8"]
[White "Yearwood, Roy"]
[Black "Rekhson, Vladislav"]
[Result "1-0"]
[WhiteElo "2090"]
[BlackElo "1983"]
[PlyCount "97"]
[EventDate "2006.07.08"]
[EventType "team-match"]
[EventRounds "2"]
[EventCountry "CAN"]
[WhiteTeam "South"]
[BlackTeam "North"]
[WhiteTeamCountry "CAN"]
[BlackTeamCountry "CAN"]

1. c4 e6 2. g3 d5 3. Bg2 Nf6 4. d4 Be7 5. Nc3 O-O 6. b3 b6 7. Bb2 Bb7 8. e3 Na6
9. Nge2 Rc8 10. O-O c5 11. Nb5 Ra8 12. Rc1 Qd7 13. dxc5 bxc5 14. Nf4 Rfd8 15.
Qf3 Bc6 16. Nc3 Rac8 17. cxd5 exd5 18. Bh3 Qb7 19. Bxc8 Rxc8 20. Qe2 Re8 21. f3
Bd6 22. Qd2 d4 23. exd4 cxd4 24. Na4 Bxf3 25. Qxd4 Be5 26. Qd2 Bxb2 27. Qxb2
Ng4 28. Qc3 Bh1 29. Rfe1 Rd8 30. Qd4 Rf8 31. h3 g5 32. hxg4 gxf4 33. Rc2 fxg3
34. Qf4 f6 35. Qxg3 Be4 36. Rc4 Bg6 37. Qf4 Rf7 38. Re8+ Rf8 39. Rxf8+ Kxf8 40.
Qxf6+ Kg8 41. Rd4 Qb5 42. Rd8+ Be8 43. Qe6+ Kf8 44. Qf6+ Kg8 45. Qe6+ Kf8 46.
Qd6+ Kg7 47. Qd4+ Kf8 48. Nc3 Qg5 49. Qh8+ 1-0

[Event "2006 Battle of Alberta"]
[Site "Red Deer"]
[Date "2006.07.08"]
[Round "2.10"]
[White "Tomaras, Pavlos"]
[Black "Haynes, Nicolas"]
[Result "0-1"]
[WhiteElo "2011"]
[BlackElo "2076"]
[PlyCount "92"]
[EventDate "2006.07.08"]
[EventType "team-match"]
[EventRounds "2"]
[EventCountry "CAN"]
[WhiteTeam "South"]
[BlackTeam "North"]
[WhiteTeamCountry "CAN"]
[BlackTeamCountry "CAN"]

1. e4 d5 2. exd5 Qxd5 3. Nc3 Qd6 4. Nf3 Nc6 5. d3 a6 6. Be3 Nf6 7. Be2 Bg4 8.
h3 Bh5 9. Qd2 O-O-O 10. O-O h6 11. a3 g5 12. Nh2 e5 13. b4 Nd4 14. Bxh5 Nxh5
15. b5 Nf4 16. bxa6 Qxa6 17. Rab1 Qa5 18. Nb5 Qxd2 19. Bxd2 c6 20. Nxd4 Rxd4
21. Nf3 Rd5 22. Rb3 f6 23. Rfb1 Rh7 24. Nh2 Ne2+ 25. Kf1 Nd4 26. R3b2 f5 27. f3
Rdd7 28. a4 Bd6 29. Kf2 e4 30. Nf1 Bc5 31. c3 Nxf3+ 32. d4 Nxd2 33. Nxd2 Ba7
34. Nc4 c5 35. Nb6+ Bxb6 36. Rxb6 cxd4 37. cxd4 Rxd4 38. Rc1+ Kb8 39. a5 Ka7
40. Rcb1 Rc4 41. R6b5 f4 42. R1b2 Rhc7 43. Rb6 Rc2+ 44. Rxc2 Rxc2+ 45. Ke1 Rc6
46. Rb4 Re6 0-1

[Event "2006 Battle of Alberta"]
[Site "Red Deer"]
[Date "2006.07.08"]
[Round "2.11"]
[White "Hughey, Micah"]
[Black "Robichaud, Martin"]
[Result "1-0"]
[WhiteElo "2046"]
[BlackElo "2006"]
[PlyCount "115"]
[EventDate "2006.07.08"]
[EventType "team-match"]
[EventRounds "2"]
[EventCountry "CAN"]
[WhiteTeam "North"]
[BlackTeam "South"]
[WhiteTeamCountry "CAN"]
[BlackTeamCountry "CAN"]

1. e4 e5 2. Nf3 Nc6 3. Bc4 Bc5 4. b4 Bxb4 5. c3 Be7 6. d4 Na5 7. Bd3 exd4 8.
cxd4 d5 9. e5 Bb4+ 10. Bd2 Bxd2+ 11. Nbxd2 Nc6 12. Rb1 Nge7 13. h4 Rb8 14. Qc2
h6 15. h5 Bg4 16. Rh4 Qc8 17. Nf1 O-O 18. Ne3 f5 19. exf6 Bxf3 20. fxe7 Nxe7
21. gxf3 Rxf3 22. Be2 Rf6 23. Rb3 Qd8 24. Ng4 Rc6 25. Qd2 Nf5 26. Rhh3 Re6 27.
Ne5 Nd6 28. Bg4 Re8 29. Bf3 Nc4 30. Qe2 c6 31. Kf1 Qc7 32. Qc2 Nxe5 33. dxe5
Rxe5 34. Rg3 Rbe8 35. Kg2 b6 36. Rd3 R8e7 37. Rg6 Rg5+ 38. Rxg5 hxg5 39. Rc3 g4
40. Bxd5+ Kh8 41. Rxc6 Qe5 42. Rc8+ Re8 43. Qc6 Rxc8 44. Qxc8+ Kh7 45. Qg8+ Kh6
46. Qe6+ Qxe6 47. Bxe6 Kxh5 48. Kg3 Kg5 49. Bxg4 b5 50. Be2 b4 51. Ba6 Kf5 52.
Kf3 Ke5 53. Kg4 Kf6 54. Kf4 g5+ 55. Kg4 Kg6 56. f3 Kf6 57. Bd3 a5 58. Bc2 1-0

[Event "2006 Battle of Alberta"]
[Site "Red Deer"]
[Date "2006.07.08"]
[Round "2.12"]
[White "Kuczaj, Chris"]
[Black "Karmali, Hafiz"]
[Result "0-1"]
[WhiteElo "1884"]
[BlackElo "2039"]
[PlyCount "56"]
[EventDate "2006.07.08"]
[EventType "team-match"]
[EventRounds "2"]
[EventCountry "CAN"]
[WhiteTeam "South"]
[BlackTeam "North"]
[WhiteTeamCountry "CAN"]
[BlackTeamCountry "CAN"]

1. c4 c6 2. Nf3 d5 3. b3 Nf6 4. Bb2 e6 5. g3 Bd6 6. Bg2 O-O 7. O-O Nbd7 8. d4
Re8 9. e3 Ne4 10. Ne5 f5 11. Nxd7 Bxd7 12. Nd2 Rf8 13. Nxe4 fxe4 14. a4 Qg5 15.
Ba3 Bxa3 16. Rxa3 Be8 17. h4 Qh6 18. f4 exf3 19. Rxf3 Bh5 20. Rxf8+ Rxf8 21.
Qe1 g5 22. hxg5 Qxg5 23. Ra2 Bf3 24. Kh2 Qh6+ 25. Kg1 Rf5 26. Rf2 Bxg2 27. Rxg2
Rh5 28. Rf2 Rh1+ 0-1

[Event "Armouries Memorial"]
[Site "Edmonton"]
[Date "2006.08.10"]
[Round "2"]
[White "Loke, Myron"]
[Black "Mendryk, Wayne"]
[Result "0-1"]
[WhiteElo "1215"]
[BlackElo "1410"]
[PlyCount "64"]
[EventDate "2006.08.03"]
[EventType "swiss"]
[EventRounds "5"]
[EventCountry "CAN"]

1. e4 c5 2. Nf3 e6 3. d4 cxd4 4. Nxd4 a6 5. Nc3 Qc7 6. Be3 Nf6 7. Be2 Be7 8.
Qd2 Nc6 9. O-O-O d6 10. f4 Bd7 11. Rhf1 b5 12. a3 O-O 13. g4 e5 14. Nf5 Bxf5
15. gxf5 b4 16. axb4 Nxb4 17. Kb1 Rfb8 18. b3 Qb7 19. Rg1 Rc8 20. Bc4 Rab8 21.
Qg2 Bf8 22. Rxd6 Rxc4 23. fxe5 Rxc3 24. Bh6 Rxb3+ 25. cxb3 Qxe4+ 26. Qxe4 Nxe4
27. Rd4 Nc3+ 28. Kc1 Ne2+ 29. Kd2 Nxg1 30. Rg4 Nf3+ 31. Ke3 Nxe5 32. Rg1 Bc5+
0-1

[Event "2006 Alberta Open"]
[Site "Calgary"]
[Date "2006.10.08"]
[Round "3"]
[White "Nguyen, Kim"]
[Black "Gardner, Robert"]
[Result "1/2-1/2"]
[WhiteElo "2062"]
[BlackElo "2238"]
[PlyCount "127"]
[EventDate "2006.10.07"]
[EventType "swiss"]
[EventRounds "6"]
[EventCountry "CAN"]

1. e4 d6 2. d4 Nf6 3. Nc3 g6 4. Be3 c6 5. Qd2 b5 6. Bd3 Nbd7 7. Nf3 e5 8. dxe5
dxe5 9. O-O Be7 10. h3 O-O 11. Bh6 Re8 12. Ng5 Nc5 13. Rad1 Nxd3 14. cxd3 Nh5
15. Ne2 f6 16. Nf3 Be6 17. d4 Bxa2 18. Qc2 Bc4 19. dxe5 Qc7 20. exf6 Bxf6 21.
Rfe1 a5 22. b3 Bxe2 23. Rxe2 a4 24. e5 Bg7 25. Bxg7 Nxg7 26. bxa4 Rxa4 27. Red2
Rc4 28. Qb3 Ne6 29. Rd7 Qa5 30. Qe3 Nf4 31. Ra7 Qc3 32. Rdd7 Qxe3 33. Rg7+ Kh8
34. Rxh7+ Kg8 35. fxe3 Ne6 36. Nh2 b4 37. Ng4 Rxg4 38. hxg4 c5 39. Rhb7 Nf8 40.
Rc7 Rxe5 41. Ra8 b3 42. Rcc8 Rxe3 43. Rxf8+ Kg7 44. Rfb8 c4 45. g5 Re7 46. Ra4
Rc7 47. Ra1 Kf7 48. Kf2 Ke6 49. Rb5 Kd6 50. Ke3 Kc6 51. Raa5 Rd7 52. Rb4 Rd3+
53. Ke4 Rd2 54. Rxc4+ Kb6 55. Raa4 b2 56. Rab4+ Ka5 57. Rb3 Rxg2 58. Ke5 Rxg5+
59. Kf6 Rb5 60. Rxb5+ Kxb5 61. Rc8 Ka4 62. Ke5 b1=Q 63. Ra8+ Kb3 64. Rb8+
1/2-1/2

[Event "2006 Alberta Open"]
[Site "Calgary"]
[Date "2006.10.08"]
[Round "3"]
[White "Reeve, Jeff"]
[Black "Robichaud, Martin"]
[Result "1/2-1/2"]
[WhiteElo "2286"]
[BlackElo "1983"]
[PlyCount "80"]
[EventDate "2006.10.07"]
[EventType "swiss"]
[EventRounds "6"]
[EventCountry "CAN"]

1. e4 e6 2. d4 d5 3. e5 c5 4. c3 Nc6 5. Nf3 Qb6 6. a3 Nh6 7. b4 cxd4 8. cxd4
Nf5 9. Bb2 Bd7 10. g4 Nfe7 11. Nc3 h5 12. g5 g6 13. Na4 Qd8 14. Nc5 Rb8 15. Rc1
b6 16. Na6 Rc8 17. Bd3 Nb8 18. Nxb8 Rxc1 19. Qxc1 Qxb8 20. b5 Nf5 21. Ke2 Be7
22. Qc2 O-O 23. Rc1 Rc8 24. Qd2 Rxc1 25. Qxc1 Qc8 26. Qxc8+ Bxc8 27. Kd2 Nh4
28. Nxh4 Bxg5+ 29. Ke2 Bxh4 30. Bc1 Be7 31. f4 Kg7 32. Kf3 Bd7 33. a4 Be8 34.
Kg3 Bb4 35. Be3 f6 36. exf6+ Kxf6 37. h4 Be1+ 38. Bf2 Bd2 39. Kf3 Bd7 40. Kg3
Kg7 1/2-1/2

[Event "2006 Alberta Open"]
[Site "Calgary"]
[Date "2006.10.08"]
[Round "4"]
[White "Huber, Greg"]
[Black "Pua, Richard"]
[Result "1-0"]
[WhiteElo "2291"]
[BlackElo "1858"]
[PlyCount "123"]
[EventDate "2006.10.07"]
[EventType "swiss"]
[EventRounds "6"]
[EventCountry "CAN"]

1. e4 e5 2. Nc3 Nf6 3. Bc4 Bc5 4. d3 Nc6 5. f4 d6 6. Nf3 Bg4 7. Na4 Bb6 8. Nxb6
axb6 9. O-O O-O 10. a3 Nd4 11. Kh1 b5 12. Ba2 c5 13. c3 Bxf3 14. gxf3 Nc6 15.
Rg1 Kh8 16. f5 d5 17. Qe2 d4 18. Qg2 Ne8 19. Bg5 Qd6 20. cxd4 Nxd4 21. Bd5 Ra7
22. f6 Nxf6 23. Bh6 g6 24. Bxf8 Qxf8 25. Rae1 Nh5 26. Qg4 b6 27. Rd1 Nf4 28.
Rd2 f6 29. Rf1 Rc7 30. Qh4 Qg7 31. Qg4 Qf8 32. Qg3 Qh6 33. Rfd1 Qf8 34. Qg4 Ra7
35. Rg1 Rc7 36. Rb1 Ra7 37. Rbd1 Kg7 38. h4 Kh8 39. h5 Nxh5 40. Rh2 Nf4 41.
Rdd2 Rc7 42. Rh4 Qc8 43. Qg3 Rg7 44. Rdh2 Qd7 45. Rxf4 exf4 46. Qxf4 Qd8 47.
Rh6 Rd7 48. Kg2 Kg7 49. Qh4 Qh8 50. Qh3 Rc7 51. f4 Re7 52. Qh4 Re8 53. f5 g5
54. Qh5 Re7 55. Rxf6 Kxf6 56. Qh6+ Ke5 57. Qh2+ Kf6 58. Qd6+ Ne6 59. Bxe6 Rxe6
60. Qxe6+ Kg7 61. Qe5+ Kg8 62. Qe8+ 1-0

[Event "2006 Alberta Open"]
[Site "Calgary"]
[Date "2006.10.08"]
[Round "4"]
[White "Hughey, Micah"]
[Black "Kaminski, Victor"]
[Result "0-1"]
[WhiteElo "2024"]
[BlackElo "2230"]
[PlyCount "68"]
[EventDate "2006.10.07"]
[EventType "swiss"]
[EventRounds "6"]
[EventCountry "CAN"]

1. e4 c5 2. c3 e5 3. Nf3 Nc6 4. d4 cxd4 5. Bc4 Qc7 6. O-O h6 7. Qe2 d6 8. cxd4
exd4 9. h3 Be7 10. Rd1 Bf6 11. Nbd2 Nge7 12. Nb3 Qb6 13. Bf4 Be5 14. Bh2 O-O
15. Rd2 Be6 16. Bxe6 fxe6 17. Rad1 Bxh2+ 18. Kxh2 e5 19. Qc4+ Kh7 20. Nh4 Rf6
21. g3 Raf8 22. Rf1 Qb4 23. Qd3 g5 24. Nf5 Nxf5 25. exf5 d5 26. g4 e4 27. Qg3
d3 28. f4 Nd4 29. Nxd4 Qxd2+ 30. Rf2 gxf4 31. Qh4 Qe3 32. Rg2 f3 33. Rg3 Qf2+
34. Kh1 d2 0-1

[Event "2006 Alberta Open"]
[Site "Calgary"]
[Date "2006.10.09"]
[Round "5"]
[White "Haessel, Dale"]
[Black "Huber, Greg"]
[Result "0-1"]
[WhiteElo "2212"]
[BlackElo "2291"]
[PlyCount "90"]
[EventDate "2006.10.07"]
[EventType "swiss"]
[EventRounds "6"]
[EventCountry "CAN"]

1. c4 e5 2. g3 Nf6 3. Bg2 d5 4. cxd5 Nxd5 5. Nf3 Nc6 6. O-O Nb6 7. d3 Be7 8. a3
O-O 9. Nbd2 a5 10. b3 Be6 11. Bb2 f6 12. Rc1 Qd7 13. Ne4 Rfd8 14. Nc5 Bxc5 15.
Rxc5 a4 16. b4 Nc4 17. Qc2 Nxb2 18. Qxb2 Na7 19. Nd2 c6 20. Ne4 Nb5 21. Nc3 Nd4
22. Ne4 b6 23. Rc3 Bd5 24. e3 Nb5 25. Rc2 h6 26. Rd2 Rac8 27. Rc1 Kf8 28. Nc3
Bxg2 29. Kxg2 Nxc3 30. Rxc3 Qd5+ 31. Kg1 Rc7 32. b5 c5 33. Rc4 Ra7 34. Qc2 Ra5
35. Rxa4 Rxb5 36. f4 exf4 37. exf4 Rb3 38. d4 Qf3 39. Rf2 Qe3 40. Qh7 Re8 41.
Ra7 Re7 42. Ra8+ Kf7 43. f5 Rb1+ 44. Kg2 Qe4+ 45. Kh3 Qxa8 0-1

[Event "2006 Alberta Open"]
[Site "Calgary"]
[Date "2006.10.09"]
[Round "5"]
[White "Reeve, Jeff"]
[Black "Boik, Andrew"]
[Result "0-1"]
[WhiteElo "2286"]
[BlackElo "2099"]
[PlyCount "78"]
[EventDate "2006.10.07"]
[EventType "swiss"]
[EventRounds "6"]
[EventCountry "CAN"]

1. Nf3 Nf6 2. g3 b6 3. Bg2 Bb7 4. O-O c5 5. d3 d5 6. Nbd2 Nbd7 7. e4 dxe4 8.
Ng5 e6 9. Ngxe4 Qc7 10. b3 Be7 11. Bb2 O-O 12. f4 Nd5 13. Qe2 Rad8 14. Nc4 b5
15. Ne5 Nxe5 16. Bxe5 Qc8 17. c4 Nb4 18. Rad1 Nc6 19. cxb5 Nxe5 20. fxe5 Qd7
21. a4 Qd4+ 22. Nf2 Bxg2 23. Kxg2 Qd5+ 24. Qe4 Qxb3 25. Rb1 Qc3 26. Rfc1 Qa5
27. Rc4 Rd5 28. d4 Rfd8 29. dxc5 Bxc5 30. Rb2 Bd4 31. Rbc2 Rxe5 32. Qb7 Red5
33. Rc8 Bb6 34. Qc6 h6 35. Rxd8+ Rxd8 36. Qc4 Rd4 37. Qc8+ Kh7 38. Ra2 Rd2 39.
Qc4 Bxf2 0-1

[Event "2006 Alberta Open"]
[Site "Calgary"]
[Date "2006.10.09"]
[Round "5"]
[White "Robichaud, Martin"]
[Black "Gardner, Robert"]
[Result "1-0"]
[WhiteElo "1983"]
[BlackElo "2238"]
[PlyCount "143"]
[EventDate "2006.10.07"]
[EventType "swiss"]
[EventRounds "6"]
[EventCountry "CAN"]

1. e4 d6 2. d4 Nf6 3. Nc3 g6 4. Bc4 Bg7 5. Nge2 O-O 6. O-O Nxe4 7. Nxe4 d5 8.
Bd3 dxe4 9. Bxe4 Nd7 10. c3 c5 11. dxc5 Nxc5 12. Qxd8 Rxd8 13. Bc2 Nd3 14. Bxd3
Rxd3 15. Be3 e5 16. Rfd1 Rxd1+ 17. Rxd1 Be6 18. b3 b5 19. Rd6 a6 20. f3 Kf8 21.
Ng3 Ke8 22. Ne4 Bf8 23. Rb6 h6 24. Bc5 Bxc5+ 25. Nxc5 Bc8 26. Kf2 Ra7 27. Ke3
Rc7 28. b4 Ke7 29. Kd2 Ra7 30. Kc1 a5 31. Kb2 axb4 32. cxb4 Bd7 33. h4 Be8 34.
g4 Rc7 35. Ra6 Bc6 36. Ra3 Bd5 37. Re3 Kd6 38. Rd3 f5 39. Ne4+ Kc6 40. gxf5
gxf5 41. Rc3+ Bc4 42. Ng3 Rf7 43. a4 Kd5 44. axb5 Kd4 45. b6 e4 46. b7 Rxb7 47.
Nxf5+ Ke5 48. Rxc4 Kxf5 49. Rxe4 Rg7 50. b5 Rf7 51. Rb4 Ke5 52. b6 Kd5 53. Kc3
Kc5 54. Rb1 Kd5 55. Kd3 Kc6 56. f4 Rd7+ 57. Ke3 Rb7 58. Rb4 Rg7 59. Kf3 Rg1 60.
h5 Rc1 61. Kg4 Rc5 62. f5 Rd5 63. Re4 Kxb6 64. Re6+ Kc7 65. Rxh6 Kd7 66. Re6
Rd1 67. h6 Rg1+ 68. Kh5 Rf1 69. Kg6 Rg1+ 70. Kf7 Rh1 71. Kg7 Rg1+ 72. Rg6 1-0

[Event "2006 Alberta Open"]
[Site "Calgary"]
[Date "2006.10.09"]
[Round "6"]
[White "Boik, Andrew"]
[Black "Robichaud, Martin"]
[Result "0-1"]
[WhiteElo "2099"]
[BlackElo "1983"]
[PlyCount "180"]
[EventDate "2006.10.07"]
[EventType "swiss"]
[EventRounds "6"]
[EventCountry "CAN"]

1. e4 e6 2. d4 d5 3. Nc3 dxe4 4. Nxe4 Nd7 5. Nf3 Ngf6 6. Bd3 Nxe4 7. Bxe4 Nf6
8. Bd3 c5 9. O-O cxd4 10. Nxd4 Be7 11. Re1 O-O 12. c4 Re8 13. Bg5 h6 14. Bh4
Bc5 15. Nb3 Be7 16. Qf3 Qc7 17. Rad1 Bd7 18. Bg3 Qc6 19. Qe3 Bb4 20. Re2 Qc8
21. Bb1 e5 22. c5 Bb5 23. Rc2 a5 24. a3 Ng4 25. Qe4 Nf6 26. Qe3 Ng4 27. Qe4 Nf6
28. Qh4 Ba4 29. Ba2 Qf5 30. Rdc1 Rad8 31. h3 Bxb3 32. Bxb3 Bd2 33. Qc4 Bxc1 34.
Qxf7+ Kh8 35. Rxc1 Rf8 36. Qc7 Qg5 37. Re1 e4 38. Bd6 Ne8 39. Qxd8 Qxd8 40.
Bxf8 Qf6 41. Bd6 Nxd6 42. cxd6 Qxd6 43. Rxe4 Qc6 44. Rc4 Qd7 45. a4 g6 46. Rf4
Qe7 47. Bc4 h5 48. h4 Qe1+ 49. Kh2 Qe5 50. g3 Qxb2 51. Rf8+ Kg7 52. Rf7+ Kh6
53. Bb5 b6 54. Rf4 Qd2 55. Kh3 Qe1 56. Kg2 Qe6 57. Bf1 Qd5+ 58. Kh2 Qb3 59. Rc4
b5 60. axb5 Qxb5 61. Kg1 Qb3 62. Rd4 Qa3 63. Kg2 Qc3 64. Rd6 Qc5 65. Ra6 a4 66.
f3 a3 67. Bd3 Kg7 68. Rxg6+ Kf7 69. Ra6 Qc3 70. Bg6+ Kg7 71. Bxh5 Qb2+ 72. Kh3
a2 73. Ra7+ Kf6 74. Ra6+ Ke5 75. f4+ Ke4 76. Bg6+ Kf3 77. Bh5+ Kf2 78. Bg6 a1=Q
79. Rxa1 Qxa1 80. Kg4 Qc3 81. Kh5 Kxg3 82. Kg5 Qe3 83. Kf6 Qxf4+ 84. Ke6 Qxh4
85. Bf7 Kf4 86. Kd6 Qg5 87. Bd5 Qe5+ 88. Kc5 Ke3 89. Kc6 Kd4 90. Bb3 Qc5+ 0-1

[Event "2006 Alberta Open"]
[Site "Calgary"]
[Date "2006.10.09"]
[Round "6"]
[White "Huber, Greg"]
[Black "Kaminski, Victor"]
[Result "1/2-1/2"]
[WhiteElo "2291"]
[BlackElo "2230"]
[PlyCount "88"]
[EventDate "2006.10.07"]
[EventType "swiss"]
[EventRounds "6"]
[EventCountry "CAN"]

1. e4 c6 2. d4 d5 3. e5 Bf5 4. Nf3 e6 5. Be2 Nd7 6. O-O Bg4 7. Nbd2 h5 8. Re1
g6 9. h3 Bxf3 10. Nxf3 Bh6 11. b3 Bxc1 12. Qxc1 Nh6 13. Bd3 Qe7 14. c4 Nb6 15.
c5 Nd7 16. b4 a6 17. a4 Kf8 18. Qf4 Nf5 19. Bxf5 gxf5 20. b5 Kg7 21. Rab1 axb5
22. axb5 Nf8 23. bxc6 bxc6 24. Rb6 Ng6 25. Qd2 Rhc8 26. Reb1 Ra7 27. Kh2 Rac7
28. R1b3 Rg8 29. Ne1 Qh4 30. g3 Qe7 31. Ng2 Kh7 32. Rb8 Rxb8 33. Rxb8 Rb7 34.
Rc8 Qd7 35. Ra8 Ra7 36. Rxa7 Qxa7 37. Nf4 Nxf4 38. Qxf4 Qa2 39. g4 hxg4 40.
hxg4 Qe2 41. gxf5 Qh5+ 42. Kg3 exf5 43. Qh4 Qxh4+ 44. Kxh4 Kh6 1/2-1/2

[Event "2006 Alberta Open"]
[Site "Calgary"]
[Date "2006.10.09"]
[Round "6"]
[White "Reeve, Jeff"]
[Black "Haessel, Dale"]
[Result "1/2-1/2"]
[WhiteElo "2286"]
[BlackElo "2212"]
[PlyCount "109"]
[EventDate "2006.10.07"]
[EventType "swiss"]
[EventRounds "6"]
[EventCountry "CAN"]

1. d4 Nf6 2. Bf4 g6 3. Nf3 Bg7 4. Nbd2 c5 5. c3 cxd4 6. cxd4 Qa5 7. e3 Nc6 8.
h3 d6 9. a3 O-O 10. b4 Qd8 11. b5 Na5 12. Rc1 b6 13. e4 Bb7 14. Bd3 e5 15. Be3
exd4 16. Nxd4 Qe8 17. O-O Nxe4 18. Nxe4 Bxe4 19. Bxe4 Qxe4 20. Nc6 Nc4 21. Re1
Rfe8 22. Bd2 Qd3 23. Rxe8+ Rxe8 24. Bb4 Nb2 25. Qxd3 Nxd3 26. Rd1 Nxb4 27. axb4
h5 28. g3 h4 29. g4 Be5 30. Nxa7 Kg7 31. Nc6 Kf6 32. Kg2 Ra8 33. Rd2 Ke6 34.
Rc2 f5 35. Rc4 Bf6 36. gxf5+ gxf5 37. Rf4 Ra3 38. Nd4+ Bxd4 39. Rxd4 Ke5 40.
Rxh4 Rb3 41. Rc4 d5 42. f4+ Ke6 43. Rc6+ Ke7 44. Rxb6 Rxb4 45. Kg3 d4 46. Kf2
d3 47. Ke3 Rd4 48. Kd2 Rxf4 49. Rh6 Rd4 50. Rh7+ Kd8 51. Rf7 Rh4 52. b6 Kc8 53.
Kxd3 Rxh3+ 54. Kd4 Rh1 55. Rxf5 1/2-1/2

[Event "ECC Christmas Open"]
[Site "Edmonton"]
[Date "2006.12.14"]
[Round "2"]
[White "Gardner, Robert"]
[Black "Pua, Richard"]
[Result "1-0"]
[WhiteElo "2302"]
[BlackElo "1968"]
[PlyCount "79"]
[EventDate "2006.12.07"]
[EventType "swiss"]
[EventRounds "4"]
[EventCountry "CAN"]

1. g3 e5 2. Bg2 f5 3. e4 Nf6 4. d4 exd4 5. e5 Qe7 6. Ne2 Qxe5 7. O-O Bc5 8. Bf4
Qe7 9. Bxc7 Nc6 10. Bf4 O-O 11. Nd2 d3 12. cxd3 d5 13. Nc3 Be6 14. Re1 Qd7 15.
Nb3 Be7 16. Nb5 Bf7 17. N3d4 Nxd4 18. Nxd4 Rfe8 19. Rc1 Rac8 20. Nf3 Bh5 21.
Qb3 Bxf3 22. Bxf3 Kf8 23. Bg5 Rxc1 24. Rxc1 Rc8 25. Re1 Re8 26. Be3 b6 27. Rc1
Ng4 28. Bf4 Bc5 29. h3 Nxf2 30. Kg2 h6 31. Rxc5 bxc5 32. Kxf2 g5 33. Bd2 f4 34.
g4 c4 35. dxc4 dxc4 36. Bb4+ Kg7 37. Qxc4 Rc8 38. Bc3+ Kf8 39. Qa6 Rc7 40.
Qxh6+ 1-0

[Event "ECC Christmas Open"]
[Site "Edmonton"]
[Date "2006.12.14"]
[Round "2"]
[White "Mrugala, David"]
[Black "Hughey, Micah"]
[Result "1/2-1/2"]
[WhiteElo "1970"]
[BlackElo "2271"]
[PlyCount "63"]
[EventDate "2006.12.07"]
[EventType "swiss"]
[EventRounds "4"]
[EventCountry "CAN"]

1. Nf3 d5 2. d4 c5 3. c4 e6 4. cxd5 exd5 5. Nc3 Nc6 6. g3 Nf6 7. Bg2 Be7 8. O-O
O-O 9. Bg5 cxd4 10. Nxd4 h6 11. Be3 Bg4 12. Nxc6 bxc6 13. Na4 Qd7 14. Rc1 Bh3
15. Bc5 Bxg2 16. Kxg2 Rfe8 17. Bxe7 Rxe7 18. Nc5 Qd6 19. e3 Rb8 20. b3 Rb4 21.
Qc2 d4 22. Qd2 a5 23. a3 Qd5+ 24. Kg1 Rb5 25. Qxd4 Qxd4 26. exd4 Nd7 27. Rfd1
Nxc5 28. Rxc5 Rxb3 29. Rxc6 Re2 30. d5 Rf3 31. d6 Rfxf2 32. d7 1/2-1/2

[Event "ECC Christmas Open"]
[Site "Edmonton"]
[Date "2006.12.21"]
[Round "3"]
[White "Hughey, Micah"]
[Black "Gardner, Robert"]
[Result "1/2-1/2"]
[WhiteElo "2271"]
[BlackElo "2302"]
[PlyCount "82"]
[EventDate "2006.12.07"]
[EventType "swiss"]
[EventRounds "4"]
[EventCountry "CAN"]

1. e4 c5 2. c3 Nf6 3. e5 Nd5 4. d4 cxd4 5. Nf3 e6 6. cxd4 b6 7. Nc3 Nxc3 8.
bxc3 Qc7 9. Bd2 d6 10. Bd3 Be7 11. Qe2 Nd7 12. O-O Bb7 13. Bf4 dxe5 14. Nxe5
Nxe5 15. Bxe5 Bd6 16. Bb5+ Bc6 17. d5 Bxb5 18. Qxb5+ Kf8 19. Bxd6+ Qxd6 20.
dxe6 Qxe6 21. Rfe1 Qf6 22. Qb4+ Kg8 23. Qe4 Rf8 24. Qe7 a5 25. Rad1 Qxe7 26.
Rxe7 h5 27. Rd6 Rc8 28. Rxb6 Rxc3 29. h4 Rc1+ 30. Kh2 Rc2 31. Rb8+ Kh7 32. Rb5
Kg6 33. Rxa5 Rxf2 34. Kg3 Rf1 35. Ra6+ Rf6 36. Rxf6+ Kxf6 37. Ra7 Rc8 38. a4
Rc3+ 39. Kf4 Rc4+ 40. Kg3 Rc3+ 41. Kf4 Rc4+ 1/2-1/2

[Event "ECC Christmas Open"]
[Site "Edmonton"]
[Date "2006.12.21"]
[Round "3"]
[White "Pua, Richard"]
[Black "Ostapchuk, David"]
[Result "1-0"]
[WhiteElo "1968"]
[BlackElo "1818"]
[PlyCount "47"]
[EventDate "2006.12.07"]
[EventType "swiss"]
[EventRounds "4"]
[EventCountry "CAN"]

1. d4 c5 2. c3 e6 3. Nf3 Nf6 4. e3 d5 5. Bd3 Qc7 6. Nbd2 cxd4 7. exd4 Bd6 8.
O-O b6 9. Qe2 O-O 10. Ne5 a5 11. f4 Ba6 12. Rf3 Bxd3 13. Qxd3 Nc6 14. Rh3 Ne7
15. g4 g6 16. Qg3 h5 17. gxh5 Bxe5 18. fxe5 Nf5 19. Qg2 Ne4 20. Nxe4 dxe4 21.
Qxe4 Kg7 22. Bg5 Rg8 23. Bf6+ Kf8 24. Qxa8+ 1-0

[Event "ECC Christmas Open"]
[Site "Edmonton"]
[Date "2006.12.21"]
[Round "3"]
[White "Wihnon, Jason"]
[Black "Mrugala, David"]
[Result "1-0"]
[WhiteElo "1845"]
[BlackElo "1970"]
[PlyCount "51"]
[EventDate "2006.12.07"]
[EventType "swiss"]
[EventRounds "4"]
[EventCountry "CAN"]

1. b3 d5 2. Bb2 Bf5 3. e3 e6 4. f4 Nf6 5. Nf3 Bd6 6. Be2 O-O 7. O-O c5 8. d3
Nc6 9. Ne5 Bxe5 10. fxe5 Nd7 11. d4 Nb4 12. Na3 Be4 13. Bf3 Bxf3 14. Rxf3 Qb6
15. c3 Nc6 16. Rh3 Ne7 17. Qh5 h6 18. Rf1 f6 19. Rg3 Nf5 20. Rxf5 exf5 21. Qxf5
cxd4 22. exd4 Qc6 23. e6 Nb6 24. Qg6 Qc7 25. Nb5 Qe7 26. Ba3 1-0